| 000 | 00511cam a2200193 a 4500 | ||
|---|---|---|---|
| 001 | 3470017 | ||
| 003 | OSt | ||
| 005 | 20160315082533.0 | ||
| 008 | 930820s1994 caua 000 0 eng | ||
| 010 | _a 93032326 | ||
| 020 | _a0916147193 | ||
| 040 | _aSEKU | ||
| 050 | 0 | 0 |
_aPS 3552 _b.B8 |
| 100 | 1 | _aBurch, Claire. | |
| 245 | 1 | 0 |
_aHomeless in the nineties : _bselected poetry / _cClaire Burch. |
| 260 |
_aBerkeley, Calif. : _bRegent Press, _c1994. |
||
| 300 |
_a665 p. : _bill. ; _c22 cm. |
||
| 942 |
_2lcc _cGEN |
||
| 999 |
_c12092 _d12092 |
||